El Futuro / (Record no. 137406)

MARC details
000 -CABECERA
campo de control de longitud fija 02170nam a2200397 i 4500
001 - NÚMERO DE CONTROL
campo de control 991060745671606706
003 - IDENTIFICADOR DEL NÚMERO DE CONTROL
campo de control ES-BaIT
005 - FECHA Y HORA DE LA ÚLTIMA TRANSACCIÓN
campo de control 20260424130815.0
008 - DATOS DE LONGITUD FIJA--INFORMACIÓN GENERAL
campo de control de longitud fija 221003s2022 spc||||j |||| 0|0 d spa|
015 ## - NÚMERO DE BIBLIOGRAFÍA NACIONAL
Número de bibliografía nacional LL2022
Fuente bnc
017 ## - NÚMERO DE COPYRIGHT O DE DEPÓSITO LEGAL
Número de copyright o de depósito legal DL B 2788-2022
Agencia que asigna Biblioteca de Catalunya
020 ## - NÚMERO INTERNACIONAL ESTÁNDAR DEL LIBRO
Número Internacional Estándar del Libro 9788468266794
040 ## - FUENTE DE LA CATALOGACIÓN
Centro catalogador/agencia de origen ES-BaBC
Lengua de catalogación cat
Normas de descripción rda
Centro/agencia transcriptor ES-BaBC
041 1# - CÓDIGO DE LENGUA
Código de lengua del texto/banda sonora o título independiente spa
Código de lengua original cat
080 ## - NÚMERO DE LA CLASIFICACIÓN DECIMAL UNIVERSAL
Número de la Clasificación Decimal Universal 821.134.1-2
Subdivisión auxiliar común “20”
-- (02.053.2)
Identificador de la edición 2004
080 ## - NÚMERO DE LA CLASIFICACIÓN DECIMAL UNIVERSAL
Número de la Clasificación Decimal Universal 849.9-2"20"
080 ## - NÚMERO DE LA CLASIFICACIÓN DECIMAL UNIVERSAL
Número de la Clasificación Decimal Universal 792.077:82-2
100 1# - ENTRADA PRINCIPAL--NOMBRE DE PERSONA
Nombre de persona Tornero, Helena,
Fechas asociadas al nombre 1973-
Término indicativo de función/relación autor,
-- traductor
9 (RLIN) 49331
240 1# - TÍTULO UNIFORME
Título uniforme Futur.
Lenguaje de la obra Castellà
9 (RLIN) 169315
245 13 - MENCIÓN DE TÍTULO
Título El Futuro /
Mención de responsabilidad, etc. Helena Tornero ; ilustraciones de Martín Tognola ; traducción de la autora
250 ## - MENCIÓN DE EDICIÓN
Mención de edición Primera edició
264 #1 - PRODUCCIÓN, PUBLICACIÓN, DISTRIBUCIÓN, FABRICACIÓN Y COPYRIGHT
Producción, publicación, distribución, fabricación y copyright Barcelona :
Nombre del de productor, editor, distribuidor, fabricante Vicens Vives,
Fecha de producción, publicación, distribución, fabricación o copyright 2022
300 ## - DESCRIPCIÓN FÍSICA
Extensión 175 pàgines :
Otras características físicas il·lustracions en color ;
Dimensiones 21 cm
336 ## - TIPO DE CONTENIDO
Término de tipo de contenido text
Código de tipo de contenido txt
Fuente rdacontent
337 ## - TIPO DE MEDIO
Nombre/término del tipo de medio sense mediació
Código del tipo de medio n
Fuente rdamedia
338 ## - TIPO DE SOPORTE
Nombre/término del tipo de soporte volum
Código del tipo de soporte nc
Fuente rdacarrier
490 0# - MENCIÓN DE SERIE
Mención de serie Fila Joven teatro
500 ## - NOTA GENERAL
Nota general Títol original: El futur
500 ## - NOTA GENERAL
Nota general P4: D2, H2
520 ## - SUMARIO, ETC.
Sumario, etc. "La chica joven acaba de sacarse el carné de conducir y quiere hacer algo para que su padre se enfade de verdad. El hombre extranjero quiere ir a Estocolmo para encontrarse con alguien, pero hay problemas en las fronteras. El hombre extranjero huye de su pasado. La chica joven huye de su futuro. El futuro es una road play, un viaje físico y emocional a través de la geografía europea en el que los jóvenes protagonistas se enfrentarán a sí mismos y aprenderán el uno del otro. Es un viaje en el que el sufrimiento de los refugiados de guerra que buscan una nueva vida interpela a una Europa que parece ignorar su trágico pasado. Es un viaje que nos invita a abrir la mirada al otro y actuar ante la desgracia ajena. Sin dilaciones. Ahora. Porque, como indica la cita que abre la obra: “El futuro siempre llega demasiado pronto.”" -- Contracoberta
650 #0 - PUNTO DE ACCESO ADICIONAL DE MATERIA--TÉRMINO DE MATERIA
Término de materia o nombre geográfico como elemento de entrada Literatura dramàtica juvenil catalana
Subdivisión cronológica S. XXI
Subdivisión de forma Textos dramàtics
9 (RLIN) 138488
700 1# - ENTRADA AGREGADA--NOMBRE PERSONAL
Nombre de persona Tognola, Martín,
Fechas asociadas al nombre 1972-
Término indicativo de función/relación il·lustrador
9 (RLIN) 169316
908 ## - COLOCAR PARÁMETRO DE COMANDO (RLIN)
Colocar parámetro de comando BC
-- CDMAE
940 ## - EQUIVALENCIA O REFERENCIA-CRUZADA--TÍTULO UNIFORME [OBSOLETO] [solamente CAN/MARC]
Título uniforme <a href="BC">BC</a>
942 ## - ELEMENTOS DE ENTRADA AGREGADA (KOHA)
Fuente del sistema de clasificación o colocación Clasificación decimal universal
Tipo de ítem Koha Llibre
Holdings
Estado de retiro Estado de pérdida Fuente del sistema de clasificación o colocación Estado dañado No para préstamo Localización permanente Ubicación/localización actual Ubicación en estantería Fecha de adquisición Fuente de adquisición Total de préstamos Signatura topográfica completa Código de barras Fecha visto por última vez Precio válido a partir de Tipo de ítem Koha
    Clasificación decimal universal     Biblioteca Barcelona Biblioteca Barcelona BCN Lliure Accés 24/04/2026 Compra   792.077:82-2 TOR fut 1900090060 24/04/2026 24/04/2026 Llibre
    Clasificación decimal universal     Biblioteca Vic Biblioteca Barcelona OSONA-Vic 24/04/2026 Compra   792.077:82-2 TOR fut 1900090061 24/04/2026 24/04/2026 Llibre

Powered by Koha